Ring in the dead #21 : a J. P. Beaumont novella / ... Read More
Available copies
- 2 of 2 copies available at LARL/NWRL Consortium. (Show)
- 2 of 2 copies available at Lake Agassiz Regional Library.
Current holds
0 current holds with 2 total copies.
Show Only Available Copies
| Location | Call Number / Copy Notes | Barcode | Shelving Location | Status | Due Date |
|---|---|---|---|---|---|
| Crookston Public Library | M JAN (Text) | 33500011036613 | Main | Available | - |
| Moorhead Public Library | M JAN (Text) | 33500011036621 | Main | Available | - |
Record details
- ISBN: 9780062294821 (pbk.)
- ISBN: 0062294822 (pbk.)
- Physical Description: 97 p. ; 17 cm.
- Publisher: [New York] : William Morrow, 2013
Content descriptions
| General Note: | Includes a sneak preview of Second watch, with prologue and two chapters. |
| Summary, etc.: | As a flash from the past, the daughter of his ... Read More |
Search for related items by subject
| Subject: | Beaumont, J. P. (Fictitious character) > Fiction. Police > Washington (State) > Seattle > Fiction. Seattle (Wash.) > Fiction. |
| Genre: | Mystery fiction. |
Search for related items by series
| LDR | 01976cam a2200409Ia 4500 | ||
|---|---|---|---|
| 001 | 155604 | ||
| 003 | LARL_NWRL_CONSORTIUM | ||
| 005 | 20130813161422.0 | ||
| 008 | 130621s2013 nyu e 000 1 eng d | ||
| 020 | . | ‡a9780062294821 (pbk.) | |
| 020 | . | ‡a0062294822 (pbk.) | |
| 020 | . | ‡z9780062291097 (epub) | |
| 024 | 1 | . | ‡a099455003995 |
| 035 | . | ‡a(OCoLC)849787400 | |
| 040 | . | ‡aYDXCP ‡cYDXCP ‡dBTCTA ‡dBDX ‡dGRR ‡dNRG | |
| 043 | . | ‡an-us-wa | |
| 049 | . | ‡aNRGB | |
| 092 | 0 | . | ‡a813.54 ‡bJan ‡223 |
| 100 | 1 | . | ‡aJance, Judith A. ‡0(LARL_NWRL_CONSORTIUM)153746 |
| 245 | 1 | 0. | ‡aRing in the dead ‡n#21 : ‡ba J. P. Beaumont novella / ‡cJ. A. Jance. |
| 260 | . | ‡a[New York] : ‡bWilliam Morrow, ‡c2013 | |
| 300 | . | ‡a97 p. ; ‡c17 cm. | |
| 490 | 0 | . | ‡aJ.P. Beaumont ; ‡v21 |
| 500 | . | ‡aIncludes a sneak preview of Second watch, with prologue and two chapters. | |
| 520 | . | ‡aAs a flash from the past, the daughter of his first partner Milton Gurkey (Pickles) shows up, and Beaumont relives his rookie days. While in the midst of suffering a heart attack, Pickles stumbled into a crime in progress. In the end, a woman is dead, Pickles is unconscious, holding the murder weapon, and rookie Beaumont and his cop friends must find out the truth. | |
| 650 | 0. | ‡aBeaumont, J. P. (Fictitious character) ‡vFiction. ‡0(LARL_NWRL_CONSORTIUM)170932 | |
| 650 | 0. | ‡aPolice ‡zWashington (State) ‡zSeattle ‡vFiction. ‡0(LARL_NWRL_CONSORTIUM)166813 | |
| 651 | 0. | ‡aSeattle (Wash.) ‡vFiction. ‡0(LARL_NWRL_CONSORTIUM)167255 | |
| 655 | 7. | ‡aMystery fiction. ‡2gsafd | |
| 700 | 1 | 2. | ‡aJance, Judith A. ‡tSecond watch. |
| 994 | . | ‡aC0 ‡bNRG | |
| 901 | . | ‡a155604 ‡bOCLC ‡c155604 ‡tbiblio | |

Add to basket
Permalink
Disable Highlighting